LIBRARY & INFORMATION CENTRE, KCAET, TAVANUR

ONLINE PUBLIC ACCESS CATALOGUE (OPAC)

Developments in Agricultural Engineering 13: Microirrigation for Crop Production: Design, Operation, and Management (Record no. 14315)

MARC details
000 -LEADER
fixed length control field 00440nam a22001457a 4500
020 ## - INTERNATIONAL STANDARD BOOK NUMBER
ISBN 0444506071
082 ## - DEWEY DECIMAL CLASSIFICATION NUMBER
Classification number 631.587
Item number LAM/MI
245 ## - TITLE STATEMENT
Title Developments in Agricultural Engineering 13: Microirrigation for Crop Production: Design, Operation, and Management
260 ## - PUBLICATION, DISTRIBUTION, ETC. (IMPRINT)
Place of publication Amsterdam
Name of publisher Elsevier
Year of publication 2007
300 ## - PHYSICAL DESCRIPTION
Number of Pages 618
700 ## - ADDED ENTRY--PERSONAL NAME
Personal name Lamm,Freddie.R
700 ## - ADDED ENTRY--PERSONAL NAME
Personal name Ayars,James.E
700 ## - ADDED ENTRY--PERSONAL NAME
Personal name Nakayama,Francis.S
942 ## - ADDED ENTRY ELEMENTS (KOHA)
Koha item type Reference
Holdings
Withdrawn status Lost status Damaged status Collection code Home library Current library Shelving location Date acquired Source of acquisition Cost, normal purchase price Full call number Accession Number Koha item type
      Reference KAUAET KAUAET Reference 15/06/2016 Cosmo Book House, Thrissur. 12190.50 631.587 LAM/MI 23995 Reference
free website counter